000 00284nam a2200133Ia 4500
100 _aEverest/ G.C
942 _cBK
654 _aDatabase Management
245 _aDatabase Management
260 _bMcGraw Hill
_aNew York
_c1986
082 _a1.6
300 _a816
546 _aENGLISH
999 _c18892
_d18892